Documentos sobre aspectos institucionales de la integración centroamericana /

Guardado en:
書目詳細資料
Autores Corporativos: Instituto Centroamericano de Administración Pública, ICAP
格式: Texto
出版: San José: ICAP
標簽: 添加標簽
沒有標簽, 成為第一個標記此記錄!

MARC

LEADER 00000 a a2200000 04500
001 22432
003
040
090 |a 151800  
110 |a Instituto Centroamericano de Administración Pública  
245 |a Documentos sobre aspectos institucionales de la integración centroamericana /  |c Instituto Centroamericano de Administración Pública  
260 |a San José:   |b ICAP  
300 |a 105 p.  
710 |a ICAP  
999 |c 14346  |d 14346